[Event "Amber Rapid"]
[Site "Monte Carlo MNC"]
[Date "2003.03.15"]
[Round "1"]
[White "Shirov, A."]
[Black "Topalov, V."]
[Result "1/2-1/2"]
[WhiteElo "2723"]
[BlackElo "2743"]
[PlyCount "94"]
[EventDate "2003.03.15"]

1. e4 c6 2. d4 d5 3. Nc3 dxe4 4. Nxe4 Nd7 5. Ng5 Ngf6 6. Bd3 e6 7. N1f3 Bd6 8.
Qe2 h6 9. Ne4 Nxe4 10. Qxe4 Qc7 11. Qg4 Kf8 12. O-O c5 13. b3 e5 14. c3 b6 15.
Re1 Bb7 16. Qh3 Rd8 17. Bb2 g6 18. dxe5 Nxe5 19. c4 Bxf3 20. gxf3 Rh7 21. Be4
f5 22. Bd5 Nd3 23. Qh4 g5 24. Qh3 Bxh2+ 25. Qxh2 Qxh2+ 26. Kxh2 Nxb2 27. Re5
Nd3 28. Rxf5+ Ke7 29. Kg3 Nf4 30. Kg4 Rd7 31. Re1+ Kd8 32. Rf8+ Kc7 33. Be4 h5+
34. Kf5 Rhg7 35. Rf6 Ng2 36. Rc6+ Kd8 37. Rh1 h4 38. Rh6 Nf4 39. Re1 Rdf7+ 40.
Kg4 Kc7 41. Bf5 Rf8 42. Re5 Rd8 43. Be4 Rd1 44. Re8 Rd8 45. Re5 Rd6 46. Rh8 Rd8
47. Rh6 Rd6 1/2-1/2

[Event "Amber Rapid"]
[Site "Monte Carlo MNC"]
[Date "2003.03.21"]
[Round "6"]
[White "Gelfand, B."]
[Black "Almasi, Z."]
[Result "1-0"]
[WhiteElo "2700"]
[BlackElo "2676"]
[PlyCount "73"]
[EventDate "2003.03.15"]

1. d4 Nf6 2. c4 e6 3. g3 d5 4. Bg2 Bb4+ 5. Nd2 O-O 6. Ngf3 dxc4 7. Qc2 b5 8. a4
bxa4 9. O-O Bb7 10. Nxc4 Nbd7 11. Rxa4 a5 12. Bd2 Be4 13. Qd1 c5 14. dxc5 Bc6
15. Rxb4 axb4 16. Bxb4 Ra4 17. Nd4 Bxg2 18. Qxa4 Bxf1 19. Kxf1 Ne5 20. Nd6 Nd5
21. Ba3 Qc7 22. N6b5 Qb8 23. c6 Qa8 24. Qxa8 Rxa8 25. e4 Nb6 26. Bd6 Nec4 27.
c7 Nd2+ 28. Ke2 Nxe4 29. Nc6 Nc8 30. Ne7+ Kh8 31. Nxc8 Rxc8 32. Be7 Nf6 33.
Bxf6 gxf6 34. Kd3 Kg8 35. Kd4 Kf8 36. Kc5 Ke7 37. Kc6 1-0

[Event "Amber Rapid"]
[Site "Monte Carlo MNC"]
[Date "2003.03.21"]
[Round "6"]
[White "Van Wely, L."]
[Black "Topalov, V."]
[Result "1/2-1/2"]
[WhiteElo "2668"]
[BlackElo "2743"]
[PlyCount "88"]
[EventDate "2003.03.15"]

1. d4 Nf6 2. c4 e6 3. Nc3 Bb4 4. e3 O-O 5. Bd3 c5 6. Nge2 d5 7. a3 cxd4 8. exd4
dxc4 9. Bxc4 Be7 10. Nf4 Nc6 11. Be3 Bd6 12. Nh5 Nxh5 13. Qxh5 Qa5 14. Qxa5
Nxa5 15. Ba2 b6 16. b4 Nc6 17. d5 Ne7 18. dxe6 Bxe6 19. Bxe6 fxe6 20. Ke2 Be5
21. Rac1 Rfc8 22. Nb5 a6 23. Nd4 Kf7 24. Nf3 Bb2 25. Ng5+ Kg6 26. Rxc8 Rxc8 27.
Nxe6 Nd5 28. Nf4+ Nxf4+ 29. Bxf4 Rc2+ 30. Bd2 Bc3 31. Rd1 Ra2 32. Kd3 Bf6 33.
Ke4 Rxa3 34. f4 a5 35. f5+ Kh5 36. bxa5 bxa5 37. h3 a4 38. Bf4 Ra1 39. Rd7 a3
40. Ra7 a2 41. Be3 h6 42. Bf2 Kg5 43. Be3+ Kh4 44. Bf2+ Kg5 1/2-1/2

[Event "Amber Rapid"]
[Site "Monte Carlo MNC"]
[Date "2003.03.22"]
[Round "7"]
[White "Bareev, E."]
[Black "Gelfand, B."]
[Result "1/2-1/2"]
[WhiteElo "2729"]
[BlackElo "2700"]
[PlyCount "96"]
[EventDate "2003.03.15"]

1. d4 Nf6 2. c4 e6 3. Nc3 Bb4 4. Qc2 d5 5. cxd5 Qxd5 6. e3 c5 7. dxc5 Ne4 8.
Nge2 Nxc5 9. Ng3 O-O 10. Bd2 Qc6 11. a3 Bxc3 12. Qxc3 Qb6 13. b4 Na4 14. Qb3
Bd7 15. b5 Nc5 16. Qb4 e5 17. Rc1 Rc8 18. Be2 Be6 19. e4 Nbd7 20. Be3 a5 21.
Qb1 Qd6 22. Nf5 Qf8 23. O-O Nf6 24. f3 Bxf5 25. exf5 Nd5 26. Bf2 Nf4 27. Bc4
Qe7 28. Rfe1 Nd7 29. Qa2 Qf6 30. Rcd1 Nf8 31. Bd5 Qxf5 32. Bxb7 Qg6 33. Be3 Rc2
34. Qxc2 Qxc2 35. Rd2 Qb3 36. Bxa8 Qxb5 37. Kh1 Qb3 38. Bxf4 exf4 39. h3 g6 40.
Rd8 Kg7 41. Bd5 Qxa3 42. Ree8 Ne6 43. Rd7 Kf6 44. Bxe6 fxe6 45. Rxh7 Qc1+ 46.
Kh2 Qe1 47. Rf8+ Ke5 48. Ra8 Qg3+ 1/2-1/2

[Event "Amber Rapid"]
[Site "Monte Carlo MNC"]
[Date "2003.03.25"]
[Round "9"]
[White "Shirov, A."]
[Black "Ljubojevic, L."]
[Result "1-0"]
[WhiteElo "2723"]
[BlackElo "2570"]
[PlyCount "83"]
[EventDate "2003.03.15"]

1. e4 c5 2. Nf3 d6 3. d4 cxd4 4. Nxd4 Nf6 5. Nc3 a6 6. Be3 e6 7. g4 h5 8. g5
Ng4 9. Bc1 Qb6 10. h3 Ne5 11. Be2 g6 12. Nb3 Qc7 13. f4 Nec6 14. Be3 b5 15. Qd2
Bb7 16. O-O-O Nd7 17. Rhf1 Nc5 18. f5 b4 19. Nxc5 dxc5 20. fxg6 fxg6 21. Rf6
bxc3 22. Rxe6+ Ne7 23. Qxc3 Rg8 24. Bc4 Bg7 25. Qa3 Rc8 26. Rdd6 Bd4 27. Bxd4
cxd4 28. Rxe7+ Qxe7 29. Re6 Rg7 30. Qa4+ Kd8 31. Rxe7 Rxe7 32. Bxa6 Bxa6 33.
Qxa6 Kd7 34. Qa7+ Ke8 35. Qa6 Kd7 36. Qxg6 d3 37. Qf5+ Kd8 38. c3 Rcc7 39. g6
Rcd7 40. Kd2 h4 41. e5 Kc7 42. e6 1-0